Vista normal
Vista MARC
Entrada Personal Name
Número de registros utilizados en: 1
001 - CONTROL NUMBER
- control field: 7921
003 - CONTROL NUMBER IDENTIFIER
- control field: DLC
005 - DATE AND TIME OF LATEST TRANSACTION
- control field: 20250519084233.0
008 - FIXED-LENGTH DATA ELEMENTS
- fixed length control field: 150813n| azannaabn |a aaa c
010 ## - LIBRARY OF CONGRESS CONTROL NUMBER
- LC control number: 2015002518
035 ## - SYSTEM CONTROL NUMBER
- System control number: (CaEvSKY)skya10858070
040 ## - CATALOGING SOURCE
- Original cataloging agency: MX-SlUA
- Language of cataloging: spa
- Description conventions: rda
- Transcribing agency: Mx-PuUPA
- Modifying agency: Mx-PuUPA
100 1# - HEADING--PERSONAL NAME
- Personal name: Osorio Sánchez, Israel,
374 ## - OCCUPATION
- Occupation: Autor
375 ## - GENDER
- Gender: hombre
377 ## - ASSOCIATED LANGUAGE
- Language code: spa
400 1# - SEE FROM TRACING--PERSONAL NAME
- Personal name: Sánchez, Israel Osorio
670 ## - SOURCE DATA FOUND
- Source citation: Auditoría I, ©1977:
- Information found: title page (Israel Osorio Sánchez)
670 ## - SOURCE DATA FOUND
- Source citation: Biblioteca del congreso (Estados Unidos), 28 agosto 2018:
- Information found: catálogo electrónico
- Uniform Resource Identifier: https://goo.gl/SgCHyo
670 ## - SOURCE DATA FOUND
- Source citation: Auditoria 1, 1977:
- Information found: portada ( Israel Osorio Sánchez)
- Uniform Resource Identifier: https://goo.gl/PXKtWH